[Event "Barrinha op"]
[Site "Barrinha"]
[Date "2011.10.14"]
[Round "1"]
[White "Supi, Luis Paulo"]
[Black "Guelerman Ramos, Felipe E"]
[Result "1-0"]
[WhiteElo "2210"]
[BlackElo "1392"]
[PlyCount "37"]
[EventDate "2011.10.14"]
[EventType "swiss"]
[EventRounds "6"]
[EventCountry "BRA"]
[SourceTitle "CBM 144 Extra"]
[Source "ChessBase"]
[SourceDate "2011.10.28"]
[SourceVersion "1"]
[SourceVersionDate "2011.10.28"]
[SourceQuality "1"]

1. e4 e6 2. d4 d5 3. Nc3 Bb4 4. e5 c5 5. a3 Bxc3+ 6. bxc3 Qc7 7. Nf3 Bd7 8. a4
Ne7 9. Bd3 c4 10. Be2 h6 11. O-O Nbc6 12. Ba3 Nf5 13. a5 Qxa5 14. g4 Qxc3 15.
gxf5 exf5 16. Bc5 g5 17. Qc1 g4 18. Ra3 Qxa3 19. Qxa3 1-0

[Event "Barrinha op"]
[Site "Barrinha"]
[Date "2011.10.14"]
[Round "2"]
[White "Ferreira, Jonas de Vargas"]
[Black "Supi, Luis Paulo"]
[Result "1/2-1/2"]
[WhiteElo "1794"]
[BlackElo "2210"]
[PlyCount "62"]
[EventDate "2011.10.14"]
[EventType "swiss"]
[EventRounds "6"]
[EventCountry "BRA"]
[SourceTitle "CBM 144 Extra"]
[Source "ChessBase"]
[SourceDate "2011.10.28"]
[SourceVersion "1"]
[SourceVersionDate "2011.10.28"]
[SourceQuality "1"]

1. e4 c5 2. Nf3 Nc6 3. d4 cxd4 4. Nxd4 Nf6 5. Nc3 e5 6. Ndb5 d6 7. Bg5 a6 8.
Na3 b5 9. Bxf6 gxf6 10. Nd5 f5 11. exf5 Bxf5 12. Qf3 Nd4 13. Nc7+ Qxc7 14.
Qxa8+ Ke7 15. c3 b4 16. cxb4 Qb6 17. Bxa6 Qxb4+ 18. Kf1 Qd2 19. Kg1 Bd3 20.
Bxd3 Qxd3 21. h4 Bh6 22. Qa7+ Kf6 23. Rh3 Qf5 24. Rd1 Rg8 25. Rxd4 exd4 26.
Qxd4+ Ke7 27. Rc3 Bf4 28. Rf3 Qg4 29. Qe4+ Be5 30. Qb7+ Kd8 31. Qb8+ Kd7
1/2-1/2

[Event "Barrinha op"]
[Site "Barrinha"]
[Date "2011.10.15"]
[Round "4"]
[White "Oliveira, Fernando Henrique"]
[Black "Supi, Luis Paulo"]
[Result "0-1"]
[WhiteElo "2110"]
[BlackElo "2210"]
[PlyCount "82"]
[EventDate "2011.10.14"]
[EventType "swiss"]
[EventRounds "6"]
[EventCountry "BRA"]
[SourceTitle "CBM 144 Extra"]
[Source "ChessBase"]
[SourceDate "2011.10.28"]
[SourceVersion "1"]
[SourceVersionDate "2011.10.28"]
[SourceQuality "1"]

1. d4 Nf6 2. c4 g6 3. g3 Bg7 4. Bg2 d5 5. cxd5 Nxd5 6. Nf3 Nb6 7. O-O Nc6 8. e3
e5 9. Nxe5 Nxe5 10. dxe5 Qxd1 11. Rxd1 Bxe5 12. Na3 c6 13. Rb1 O-O 14. b3 Be6
15. Bb2 Bxb2 16. Rxb2 Rfd8 17. Rbd2 Rxd2 18. Rxd2 a5 19. h3 Kf8 20. g4 Ke7 21.
Nb1 a4 22. b4 Nc4 23. Rd4 Nb2 24. Nc3 a3 25. Be4 Na4 26. Nxa4 Rxa4 27. Bb1 b6
28. f4 c5 29. bxc5 Rxd4 30. exd4 bxc5 31. dxc5 Kd7 32. Kf2 Kc6 33. Ke3 Kxc5 34.
f5 gxf5 35. gxf5 Bc4 36. Ke4 f6 37. h4 h6 38. Ke3 Kd5 39. Be4+ Ke5 40. Bb1 Bd5
41. Kd2 Be4 0-1

[Event "Barrinha op"]
[Site "Barrinha"]
[Date "2011.10.16"]
[Round "5"]
[White "Supi, Luis Paulo"]
[Black "De Rossi, Pedro Donizeti"]
[Result "0-1"]
[WhiteElo "2210"]
[BlackElo "2078"]
[PlyCount "38"]
[EventDate "2011.10.14"]
[EventType "swiss"]
[EventRounds "6"]
[EventCountry "BRA"]
[SourceTitle "CBM 144 Extra"]
[Source "ChessBase"]
[SourceDate "2011.10.28"]
[SourceVersion "1"]
[SourceVersionDate "2011.10.28"]
[SourceQuality "1"]

1. Nf3 Nf6 2. c4 e6 3. g3 d5 4. Bg2 Be7 5. O-O O-O 6. d4 c6 7. Qc2 Ne4 8. Nbd2
f5 9. b3 Na6 10. Bb2 Qe8 11. Ne5 Qh5 12. f3 Nf6 13. e4 Nb4 14. Qc1 Nd7 15. Nxd7
Bxd7 16. Qc3 fxe4 17. fxe4 Qe2 18. Ba3 Nd3 19. Bb2 Bb4 0-1

[Event "Wch U16"]
[Site "Caldas Novas"]
[Date "2011.11.18"]
[Round "1"]
[White "Supi, Luis Paulo"]
[Black "Tamarozi, Isaque"]
[Result "1-0"]
[WhiteElo "2198"]
[BlackElo "1680"]
[PlyCount "65"]
[EventDate "2011.11.18"]
[EventType "swiss"]
[EventRounds "9"]
[EventCountry "BRA"]
[SourceTitle "EXT 2013"]
[Source "ChessBase"]
[SourceDate "2012.11.22"]
[SourceVersion "1"]
[SourceVersionDate "2012.11.22"]
[SourceQuality "1"]

1. e4 c5 2. Nf3 e6 3. c3 d6 4. d4 cxd4 5. cxd4 Nc6 6. Nc3 Nf6 7. d5 exd5 8.
exd5 Ne5 9. Bb5+ Bd7 10. Qe2 Qe7 11. O-O Nxf3+ 12. Qxf3 Bxb5 13. Nxb5 Qd7 14.
Nd4 Be7 15. Nf5 O-O 16. Bh6 g6 17. Nxe7+ Qxe7 18. Rfe1 Qd8 19. Bxf8 Kxf8 20.
Rac1 Nd7 21. Qc3 Kg8 22. Qc7 Qxc7 23. Rxc7 Nc5 24. b4 Nd3 25. Ree7 Nxb4 26.
Rxf7 Nxd5 27. Rg7+ Kf8 28. Rcf7+ Ke8 29. Rxb7 Kf8 30. Rxh7 Kg8 31. Rbg7+ Kf8
32. Rxg6 Rc8 33. Rh8+ 1-0

[Event "Wch U16"]
[Site "Caldas Novas"]
[Date "2011.11.19"]
[Round "2"]
[White "Kadric, Denis"]
[Black "Supi, Luis Paulo"]
[Result "1/2-1/2"]
[WhiteElo "2403"]
[BlackElo "2198"]
[PlyCount "40"]
[EventDate "2011.11.18"]
[EventType "swiss"]
[EventRounds "9"]
[EventCountry "BRA"]
[SourceTitle "EXT 2013"]
[Source "ChessBase"]
[SourceDate "2012.11.22"]
[SourceVersion "1"]
[SourceVersionDate "2012.11.22"]
[SourceQuality "1"]

1. e4 c5 2. Nc3 Nc6 3. f4 e6 4. Nf3 Nge7 5. d4 cxd4 6. Nxd4 Nxd4 7. Qxd4 Nc6 8.
Qf2 d5 9. exd5 exd5 10. Bd2 Be7 11. O-O-O Qa5 12. Be3 d4 13. Bxd4 O-O 14. Bc4
Nxd4 15. Qxd4 Bf6 16. Qe3 Qb4 17. Bb3 Bxc3 18. Qxc3 Qxf4+ 19. Kb1 Bf5 20. Rhf1
Qg4 1/2-1/2

[Event "Wch U16"]
[Site "Caldas Novas"]
[Date "2011.11.22"]
[Round "5"]
[White "Supi, Luis Paulo"]
[Black "Grigoryan, Karen H"]
[Result "0-1"]
[WhiteElo "2198"]
[BlackElo "2484"]
[PlyCount "51"]
[EventDate "2011.11.18"]
[EventType "swiss"]
[EventRounds "9"]
[EventCountry "BRA"]
[SourceTitle "EXT 2013"]
[Source "ChessBase"]
[SourceDate "2012.11.22"]
[SourceVersion "1"]
[SourceVersionDate "2012.11.22"]
[SourceQuality "1"]

1. d4 g6 2. e4 Bg7 3. Nc3 a6 4. f4 b5 5. Nf3 Bb7 6. Bd3 d6 7. O-O Nd7 8. e5 Nh6
9. Be4 Bxe4 10. Nxe4 Nb6 11. Qe1 Qd7 12. a4 bxa4 13. b3 axb3 14. cxb3 O-O 15.
h3 Qb5 16. f5 Nxf5 17. g4 Nxd4 18. Nxd4 Qxe5 19. Bb2 c5 20. Nc6 Qxb2 21. Rb1
Qc2 22. Nxe7+ Kh8 23. Nxd6 Bd4+ 24. Kh1 f5 25. Nc6 Qd3 26. Kg2 0-1

[Event "Batatais op 2nd"]
[Site "Batatais"]
[Date "2011.12.16"]
[Round "1"]
[White "Guelerman Ramos, Felipe E"]
[Black "Supi, Luis Paulo"]
[Result "0-1"]
[WhiteElo "1390"]
[BlackElo "2198"]
[PlyCount "59"]
[EventDate "2011.12.16"]
[EventType "swiss"]
[EventRounds "6"]
[EventCountry "BRA"]
[SourceTitle "EXT 2013"]
[Source "ChessBase"]
[SourceDate "2012.11.22"]
[SourceVersion "1"]
[SourceVersionDate "2012.11.22"]
[SourceQuality "1"]

1. e4 c5 2. Nf3 Nc6 3. d4 cxd4 4. Nxd4 Qb6 5. Nb3 Nf6 6. Nc3 e6 7. Bf4 Bb4 8.
Bd3 d5 9. e5 Nd7 10. a3 Bxc3+ 11. bxc3 Ndxe5 12. Be3 Qc7 13. Bb5 O-O 14. O-O
Ne7 15. Bd4 Nf5 16. Re1 Nxd4 17. Qxd4 Ng6 18. Bd3 Nf4 19. Qe5 Qxe5 20. Rxe5 Bd7
21. Nc5 Bc6 22. g3 Nxd3 23. cxd3 Rac8 24. d4 b6 25. Nd3 Bb5 26. Nf4 Rxc3 27.
Nh5 Rfc8 28. Rae1 R3c4 29. Nf4 Rxd4 30. Ne2 0-1

[Event "Batatais op 2nd"]
[Site "Batatais"]
[Date "2011.12.16"]
[Round "2"]
[White "Supi, Luis Paulo"]
[Black "Rogani, Bruno"]
[Result "1-0"]
[WhiteElo "2198"]
[BlackElo "1922"]
[PlyCount "33"]
[EventDate "2011.12.16"]
[EventType "swiss"]
[EventRounds "6"]
[EventCountry "BRA"]
[SourceTitle "EXT 2013"]
[Source "ChessBase"]
[SourceDate "2012.11.22"]
[SourceVersion "1"]
[SourceVersionDate "2012.11.22"]
[SourceQuality "1"]

1. e4 e5 2. Nf3 Nc6 3. d4 exd4 4. Nxd4 Nf6 5. Nxc6 bxc6 6. e5 Qe7 7. Qe2 Nd5 8.
Nd2 a5 9. c4 Ba6 10. Qe4 Nb6 11. Be2 g6 12. O-O Bg7 13. Nf3 O-O 14. Qc2 d5 15.
cxd5 cxd5 16. Bg5 Qd7 17. Rad1 {Ilegível!} 1-0

[Event "Batatais op 2nd"]
[Site "Batatais"]
[Date "2011.12.17"]
[Round "3"]
[White "De Freitas, Julio Eimard"]
[Black "Supi, Luis Paulo"]
[Result "0-1"]
[WhiteElo "1872"]
[BlackElo "2198"]
[PlyCount "133"]
[EventDate "2011.12.16"]
[EventType "swiss"]
[EventRounds "6"]
[EventCountry "BRA"]
[SourceTitle "EXT 2013"]
[Source "ChessBase"]
[SourceDate "2012.11.22"]
[SourceVersion "1"]
[SourceVersionDate "2012.11.22"]
[SourceQuality "1"]

1. d4 Nf6 2. c4 g6 3. Nc3 d5 4. cxd5 Nxd5 5. e4 Nxc3 6. bxc3 Bg7 7. Bc4 c5 8.
Ne2 Nc6 9. Be3 O-O 10. O-O Bd7 11. Qd2 Qa5 12. Rfd1 b5 13. Bd5 e6 14. Bb3 cxd4
15. cxd4 Qxd2 16. Rxd2 Na5 17. Rc1 b4 18. Rc7 Bb5 19. d5 Nxb3 20. axb3 exd5 21.
exd5 Rfd8 22. Nd4 Rxd5 23. Nxb5 Rxb5 24. Rdd7 Be5 25. Rxa7 Rxa7 26. Rxa7 Rd5
27. g3 Rd3 28. Bh6 f5 29. Ra8+ Kf7 30. Ra7+ Ke6 31. Rxh7 Rxb3 32. Rb7 Rb1+ 33.
Kg2 b3 34. Bg7 Bd6 35. h4 Kd5 36. h5 gxh5 37. Rb5+ Ke6 38. Rb6 Kd5 39. Rb5+ Ke6
40. Rb6 Kf7 41. Bh8 Ba3 42. Bc3 Be7 43. Bh8 Kg8 44. Bc3 Kf7 45. Bh8 h4 46. gxh4
Bxh4 47. Kf3 Be7 48. Bc3 Ba3 49. Kg2 Ke7 50. Bb4+ Bxb4 51. Rxb4 Kd6 52. Kf3 Kc5
53. Rb7 Kc4 54. Ke3 Kc3 55. Rc7+ Kb2 56. Rf7 Re1+ 57. Kf3 Re5 58. Rb7 Kc2 59.
Rc7+ Kb1 60. Rb7 b2 61. Kf4 Rc5 62. Rb8 Rc2 63. f3 Rf2 64. Rb3 Kc1 65. Rc3+ Rc2
66. Rb3 Rf2 67. Rc3+ 0-1

[Event "Batatais op 2nd"]
[Site "Batatais"]
[Date "2011.12.17"]
[Round "4"]
[White "Supi, Luis Paulo"]
[Black "Maia, Luciano Malta"]
[Result "1-0"]
[WhiteElo "2198"]
[BlackElo "2282"]
[PlyCount "53"]
[EventDate "2011.12.16"]
[EventType "swiss"]
[EventRounds "6"]
[EventCountry "BRA"]
[SourceTitle "EXT 2013"]
[Source "ChessBase"]
[SourceDate "2012.11.22"]
[SourceVersion "1"]
[SourceVersionDate "2012.11.22"]
[SourceQuality "1"]

1. e4 c5 2. Nf3 Nc6 3. d4 cxd4 4. Nxd4 g6 5. Nc3 Bg7 6. Be3 Nf6 7. Bc4 Qa5 8.
O-O O-O 9. h3 d6 10. Bb3 Bd7 11. Re1 Nxd4 12. Bxd4 Bc6 13. Nd5 Rae8 14. Bc3 Qd8
15. Nxf6+ Bxf6 16. Bxf6 exf6 17. Qd4 Qa5 18. Qxf6 Rxe4 19. Rxe4 Bxe4 20. Rd1 d5
21. c3 Rd8 22. c4 d4 23. c5 Rf8 24. Rxd4 Qe1+ 25. Kh2 Bc6 26. Rd8 Be8 27. Bd5
1-0

[Event "Batatais op 2nd"]
[Site "Batatais"]
[Date "2011.12.18"]
[Round "5"]
[White "Batista, Gerson Peres"]
[Black "Supi, Luis Paulo"]
[Result "1/2-1/2"]
[WhiteElo "2210"]
[BlackElo "2198"]
[PlyCount "60"]
[EventDate "2011.12.16"]
[EventType "swiss"]
[EventRounds "6"]
[EventCountry "BRA"]
[SourceTitle "EXT 2013"]
[Source "ChessBase"]
[SourceDate "2012.11.22"]
[SourceVersion "1"]
[SourceVersionDate "2012.11.22"]
[SourceQuality "1"]

1. e4 c5 2. Nf3 Nc6 3. c3 Nf6 4. e5 Nd5 5. d4 cxd4 6. Bc4 Nb6 7. Bb3 e6 8. cxd4
d6 9. O-O dxe5 10. dxe5 Qxd1 11. Rxd1 Be7 12. Nc3 O-O 13. Be3 Na5 14. Nb5 Bd7
15. Nd6 Nxb3 16. axb3 Bc6 17. Nd4 Bd5 18. N4b5 Bxb3 19. Rdc1 Bd5 20. Nc7 Rad8
21. Nxd5 Nxd5 22. Rxa7 Bxd6 23. exd6 Nxe3 24. fxe3 Rxd6 25. Rxb7 Rd2 26. b4 g6
27. Rf1 Rb2 28. h3 Rb3 29. Kf2 Rc8 30. Kg1 Rf8 1/2-1/2

[Event "Batatais op 2nd"]
[Site "Batatais"]
[Date "2011.12.18"]
[Round "6"]
[White "Supi, Luis Paulo"]
[Black "Abrantes, Tiago Garrido"]
[Result "1/2-1/2"]
[WhiteElo "2198"]
[BlackElo "2079"]
[PlyCount "55"]
[EventDate "2011.12.16"]
[EventType "swiss"]
[EventRounds "6"]
[EventCountry "BRA"]
[SourceTitle "EXT 2013"]
[Source "ChessBase"]
[SourceDate "2012.11.22"]
[SourceVersion "1"]
[SourceVersionDate "2012.11.22"]
[SourceQuality "1"]

1. e4 d5 2. exd5 Nf6 3. d4 Nxd5 4. c4 Nb6 5. Nf3 Bg4 6. c5 Nd5 7. Qb3 Bc8 8.
Nc3 e6 9. Bc4 Nxc3 10. Qxc3 Be7 11. Be3 Nd7 12. O-O-O Nf6 13. g4 c6 14. g5 Nd5
15. Qd2 b5 16. Bd3 b4 17. Bc2 Qa5 18. Bb3 Ba6 19. Ne5 Bb5 20. h4 f6 21. gxf6
gxf6 22. Nd3 O-O-O 23. Nf4 Nxf4 24. Bxf4 e5 25. Qe3 Ba4 26. Bxa4 Qxa4 27. dxe5
Qxa2 28. Qh3+ 1/2-1/2

[Event "Altinopolis op"]
[Site "Altinopolis"]
[Date "2012.02.03"]
[Round "1"]
[White "Supi, Luis Paulo"]
[Black "Cappato, Kaiene Lourenco"]
[Result "1-0"]
[WhiteElo "2218"]
[BlackElo "1633"]
[PlyCount "51"]
[EventDate "2012.02.03"]
[EventType "swiss"]
[EventRounds "6"]
[EventCountry "BRA"]
[SourceTitle "CBM 147 Extra"]
[Source "ChessBase"]
[SourceDate "2012.04.24"]
[SourceVersion "1"]
[SourceVersionDate "2012.04.24"]
[SourceQuality "1"]

1. e4 e6 2. d4 d5 3. Nc3 dxe4 4. Nxe4 Nc6 5. Nf3 h6 6. Bd3 Nf6 7. c3 Bd6 8. Qe2
Nxe4 9. Qxe4 Ne7 10. Bd2 c6 11. O-O-O Bd7 12. c4 b6 13. Qg4 Kf8 14. Qe4 a5 15.
g4 Ng6 16. Ne5 Nxe5 17. dxe5 Be7 18. f4 b5 19. f5 b4 20. c5 Bxc5 21. Bc4 Be7
22. Rhf1 Qc7 23. fxe6 f6 24. exd7 Qxd7 25. exf6 Bxf6 26. Rxf6+ 1-0

[Event "Altinopolis op"]
[Site "Altinopolis"]
[Date "2012.02.03"]
[Round "2"]
[White "Ferreira, Paulo Muraro"]
[Black "Supi, Luis Paulo"]
[Result "0-1"]
[WhiteElo "1827"]
[BlackElo "2218"]
[PlyCount "36"]
[EventDate "2012.02.03"]
[EventType "swiss"]
[EventRounds "6"]
[EventCountry "BRA"]
[SourceTitle "CBM 147 Extra"]
[Source "ChessBase"]
[SourceDate "2012.04.24"]
[SourceVersion "1"]
[SourceVersionDate "2012.04.24"]
[SourceQuality "1"]

1. e4 c5 2. Nf3 d6 3. d4 cxd4 4. Nxd4 Nf6 5. Nc3 a6 6. Be3 e5 7. Nb3 Be6 8. f3
h5 9. Qd2 Nbd7 10. O-O-O Be7 11. h3 h4 12. f4 Rc8 13. Bd3 b5 14. Kb1 Qc7 15.
Qf2 Bc4 16. Nd2 Bxd3 17. cxd3 b4 18. Na4 Qc2+ 0-1

[Event "Altinopolis op"]
[Site "Altinopolis"]
[Date "2012.03.03"]
[Round "3"]
[White "Supi, Luis Paulo"]
[Black "Dias, Simao Poscidonio"]
[Result "1-0"]
[WhiteElo "2218"]
[BlackElo "2055"]
[PlyCount "41"]
[EventDate "2012.02.03"]
[EventType "swiss"]
[EventRounds "6"]
[EventCountry "BRA"]
[SourceTitle "CBM 147 Extra"]
[Source "ChessBase"]
[SourceDate "2012.04.24"]
[SourceVersion "1"]
[SourceVersionDate "2012.04.24"]
[SourceQuality "1"]

1. e4 c5 2. Nc3 g6 3. d4 cxd4 4. Qxd4 Nf6 5. Bb5 Bg7 6. e5 Ng8 7. Nf3 a6 8. Ba4
Nh6 9. Bf4 b5 10. Bb3 Nc6 11. Qd2 Ng8 12. Ne4 f6 13. Bxg8 Rxg8 14. exf6 Bxf6
15. Nxf6+ exf6 16. O-O-O Kf7 17. Qd5+ Kg7 18. h4 Ra7 19. h5 g5 20. h6+ Kh8 21.
Nxg5 1-0

[Event "Altinopolis op"]
[Site "Altinopolis"]
[Date "2012.03.03"]
[Round "4"]
[White "Supi, Luis Paulo"]
[Black "Blit, Jacques"]
[Result "1-0"]
[WhiteElo "2218"]
[BlackElo "2282"]
[PlyCount "29"]
[EventDate "2012.02.03"]
[EventType "swiss"]
[EventRounds "6"]
[EventCountry "BRA"]
[SourceTitle "CBM 147 Extra"]
[Source "ChessBase"]
[SourceDate "2012.04.24"]
[SourceVersion "1"]
[SourceVersionDate "2012.04.24"]
[SourceQuality "1"]

1. e4 c5 2. Nf3 Nc6 3. Nc3 g6 4. d4 cxd4 5. Nxd4 Bg7 6. Be3 Nf6 7. Bc4 d6 8. f3
Qb6 9. O-O Ng4 10. Bxf7+ Kxf7 11. fxg4+ Kg8 12. Nf5 Qxb2 13. Nh6+ Bxh6 14. Bxh6
Be6 15. Nd5 1-0

[Event "Altinopolis op"]
[Site "Altinopolis"]
[Date "2012.04.03"]
[Round "5"]
[White "De Oliveira, Adriano Fernandes"]
[Black "Supi, Luis Paulo"]
[Result "1/2-1/2"]
[WhiteElo "2263"]
[BlackElo "2218"]
[PlyCount "59"]
[EventDate "2012.02.03"]
[EventType "swiss"]
[EventRounds "6"]
[EventCountry "BRA"]
[SourceTitle "CBM 147 Extra"]
[Source "ChessBase"]
[SourceDate "2012.04.24"]
[SourceVersion "1"]
[SourceVersionDate "2012.04.24"]
[SourceQuality "1"]

1. e4 c5 2. Nf3 e6 3. d4 cxd4 4. Nxd4 Nc6 5. Nc3 Qc7 6. a3 Nf6 7. Be3 a6 8. Be2
Be7 9. O-O O-O 10. Kh1 d6 11. f4 Nxd4 12. Bxd4 e5 13. Be3 b5 14. Bf3 Bb7 15.
Qd2 Rac8 16. Rae1 a5 17. Rf2 b4 18. axb4 axb4 19. Nd5 Bxd5 20. exd5 e4 21. Bd1
Qb7 22. Bd4 Qxd5 23. Bxf6 Qxd2 24. Rxd2 Bxf6 25. Rxe4 Bxb2 26. Rxd6 Rfd8 27.
Rxd8+ Rxd8 28. Bf3 Bc3 29. Kg1 g6 30. Kf2 1/2-1/2

[Event "Altinopolis op"]
[Site "Altinopolis"]
[Date "2012.04.03"]
[Round "6"]
[White "Vieira, Jose Renato Braga S"]
[Black "Supi, Luis Paulo"]
[Result "1/2-1/2"]
[WhiteElo "2160"]
[BlackElo "2218"]
[PlyCount "37"]
[EventDate "2012.02.03"]
[EventType "swiss"]
[EventRounds "6"]
[EventCountry "BRA"]
[SourceTitle "CBM 147 Extra"]
[Source "ChessBase"]
[SourceDate "2012.04.24"]
[SourceVersion "1"]
[SourceVersionDate "2012.04.24"]
[SourceQuality "1"]

1. d4 Nf6 2. c4 g6 3. Nc3 d5 4. cxd5 Nxd5 5. e4 Nxc3 6. bxc3 Bg7 7. Be3 c5 8.
Bc4 Nc6 9. Ne2 O-O 10. Rc1 cxd4 11. cxd4 Qa5+ 12. Qd2 Qxd2+ 13. Kxd2 Rd8 14.
Bd5 Nxd4 15. Nxd4 e6 16. Bb3 Bxd4 17. Bxd4 Rxd4+ 18. Ke3 Rd8 19. Rc7 1/2-1/2

[Event "Barrinha 2nd"]
[Site "Barrinha"]
[Date "2012.02.24"]
[Round "1"]
[White "Supi, Luis Paulo"]
[Black "Brandao, Evandro Alves"]
[Result "1-0"]
[WhiteElo "2218"]
[BlackElo "2022"]
[PlyCount "45"]
[EventDate "2012.02.24"]
[EventType "tourn"]
[EventRounds "10"]
[EventCountry "BRA"]
[SourceTitle "EXT 2013"]
[Source "ChessBase"]
[SourceDate "2012.11.22"]
[SourceVersion "1"]
[SourceVersionDate "2012.11.22"]
[SourceQuality "1"]

1. d4 Nf6 2. c4 e6 3. Nf3 c5 4. d5 b5 5. Bg5 h6 6. Bxf6 Qxf6 7. Nc3 b4 8. Nb5
Na6 9. e4 exd5 10. e5 Qg6 11. cxd5 Be7 12. Bd3 Qb6 13. Qe2 Bb7 14. Nd6+ Bxd6
15. exd6+ Kf8 16. Qe7+ Kg8 17. Ne5 Bxd5 18. Nxd7 Qc6 19. Ne5 Qb6 20. d7 Rf8 21.
Bxa6 Bxg2 22. O-O-O Bxh1 23. d8=Q 1-0

[Event "Barrinha 2nd"]
[Site "Barrinha"]
[Date "2012.02.24"]
[Round "2"]
[White "Blit, Jacques"]
[Black "Supi, Luis Paulo"]
[Result "0-1"]
[WhiteElo "2308"]
[BlackElo "2218"]
[PlyCount "54"]
[EventDate "2012.02.24"]
[EventType "tourn"]
[EventRounds "10"]
[EventCountry "BRA"]
[SourceTitle "EXT 2013"]
[Source "ChessBase"]
[SourceDate "2012.11.22"]
[SourceVersion "1"]
[SourceVersionDate "2012.11.22"]
[SourceQuality "1"]

1. e4 c5 2. Nf3 e6 3. d4 cxd4 4. Nxd4 Nc6 5. Nb5 d6 6. c4 Nf6 7. N1c3 a6 8. Na3
Be7 9. Be2 O-O 10. O-O b6 11. Be3 Bb7 12. Qb3 Nd7 13. Rfd1 Qc7 14. Rac1 Nc5 15.
Qc2 Bf6 16. f3 Be5 17. Nab1 Qe7 18. f4 Bf6 19. a3 a5 20. Nb5 Rad8 21. Bf3 g5
22. fxg5 Bxg5 23. Bxg5 Qxg5 24. Nxd6 Nd4 25. Rxd4 Qe3+ 26. Qf2 Qxc1+ 27. Bd1
Nxe4 0-1

[Event "Barrinha 2nd"]
[Site "Barrinha"]
[Date "2012.02.25"]
[Round "3"]
[White "Supi, Luis Paulo"]
[Black "Do Nascimento, Jose Wallison"]
[Result "1-0"]
[WhiteElo "2218"]
[BlackElo "1920"]
[PlyCount "59"]
[EventDate "2012.02.24"]
[EventType "tourn"]
[EventRounds "10"]
[EventCountry "BRA"]
[SourceTitle "EXT 2013"]
[Source "ChessBase"]
[SourceDate "2012.11.22"]
[SourceVersion "1"]
[SourceVersionDate "2012.11.22"]
[SourceQuality "1"]

1. e4 c5 2. Nf3 Nc6 3. Nc3 e6 4. d4 cxd4 5. Nxd4 Bc5 6. Nb3 Bb6 7. Nb5 d5 8.
exd5 exd5 9. Bf4 Be6 10. Bd3 a6 11. Nd6+ Kf8 12. Nxb7 Qf6 13. Qd2 Nge7 14. O-O
h6 15. c3 d4 16. Rfe1 dxc3 17. bxc3 g5 18. Be3 Bxe3 19. Qxe3 Kg7 20. N7c5 Bxb3
21. Ne4 Qe5 22. axb3 f5 23. Nc5 Qxe3 24. fxe3 Kg6 25. e4 f4 26. e5+ Kg7 27.
Bxa6 Nd8 28. Rad1 Nf5 29. Rd7+ Kg6 30. Bd3 1-0

[Event "Barrinha 2nd"]
[Site "Barrinha"]
[Date "2012.02.25"]
[Round "4"]
[White "Supi, Luis Paulo"]
[Black "Brandao, Renan Alves"]
[Result "1-0"]
[WhiteElo "2218"]
[BlackElo "2096"]
[PlyCount "109"]
[EventDate "2012.02.24"]
[EventType "tourn"]
[EventRounds "10"]
[EventCountry "BRA"]
[SourceTitle "EXT 2013"]
[Source "ChessBase"]
[SourceDate "2012.11.22"]
[SourceVersion "1"]
[SourceVersionDate "2012.11.22"]
[SourceQuality "1"]

1. e4 c5 2. Nc3 Nc6 3. Nf3 g6 4. d4 cxd4 5. Nxd4 Bg7 6. Be3 Nf6 7. Bc4 O-O 8.
Bb3 a5 9. a4 d6 10. h3 Nd7 11. O-O Nc5 12. Bd5 Bd7 13. f4 Qc8 14. f5 Nxd4 15.
Bxd4 gxf5 16. Bxg7 Kxg7 17. Qh5 Nxe4 18. Nxe4 fxe4 19. Rxf7+ Rxf7 20. Qxf7+ Kh8
21. Bxe4 Qg8 22. Qxe7 Qg7 23. Qxg7+ Kxg7 24. Bxb7 Rb8 25. Bd5 Rxb2 26. Bb3 Bf5
27. Rc1 Kf6 28. Rd1 Ke5 29. Rd5+ Kf4 30. g3+ Ke4 31. Rxa5 Bxh3 32. Kf2 Rb1 33.
Rh5 Rf1+ 34. Ke2 Bg4+ 35. Kxf1 Bxh5 36. Bc4 Ke3 37. a5 Bd1 38. Bd3 h6 39. a6
Bf3 40. Kg1 Bc6 41. Bf5 Kf3 42. Bc8 Ke4 43. Bb7 Kd5 44. Kh2 Kc5 45. Bxc6 Kxc6
46. Kh3 Kb6 47. Kg4 Kxa6 48. Kh5 Kb5 49. Kxh6 Kc4 50. g4 Kc3 51. g5 Kxc2 52. g6
d5 53. g7 d4 54. g8=Q d3 55. Qc4+ 1-0

[Event "Barrinha 2nd"]
[Site "Barrinha"]
[Date "2012.02.26"]
[Round "5"]
[White "Oliveira, Fernando Henrique"]
[Black "Supi, Luis Paulo"]
[Result "0-1"]
[WhiteElo "2092"]
[BlackElo "2218"]
[PlyCount "50"]
[EventDate "2012.02.24"]
[EventType "tourn"]
[EventRounds "10"]
[EventCountry "BRA"]
[SourceTitle "EXT 2013"]
[Source "ChessBase"]
[SourceDate "2012.11.22"]
[SourceVersion "1"]
[SourceVersionDate "2012.11.22"]
[SourceQuality "1"]

1. d4 Nf6 2. c4 g6 3. Nc3 d5 4. cxd5 Nxd5 5. g3 Bg7 6. Bg2 Nb6 7. Nf3 Nc6 8. e3
O-O 9. O-O Re8 10. Re1 a5 11. Qe2 Be6 12. b3 a4 13. Nxa4 Nxa4 14. bxa4 Rxa4 15.
a3 Na5 16. Rb1 Qd7 17. Ng5 Bd5 18. Ne4 b6 19. Nc3 Bxg2 20. Nxa4 Ba8 21. Rb4 Nc6
22. Qb5 Rd8 23. Rc4 Qe6 24. Bd2 Na7 25. Qb4 Bf3 0-1

[Event "Barrinha 2nd"]
[Site "Barrinha"]
[Date "2012.02.27"]
[Round "7"]
[White "Supi, Luis Paulo"]
[Black "Blit, Jacques"]
[Result "1/2-1/2"]
[WhiteElo "2218"]
[BlackElo "2308"]
[PlyCount "21"]
[EventDate "2012.02.24"]
[EventType "tourn"]
[EventRounds "10"]
[EventCountry "BRA"]
[SourceTitle "EXT 2013"]
[Source "ChessBase"]
[SourceDate "2012.11.22"]
[SourceVersion "1"]
[SourceVersionDate "2012.11.22"]
[SourceQuality "1"]

1. Nf3 g6 2. e4 d6 3. d4 Nf6 4. Nc3 Bg7 5. Bc4 O-O 6. Qe2 Nc6 7. e5 dxe5 8.
dxe5 Nd5 9. h4 Bg4 10. h5 Bxh5 11. Rxh5 1/2-1/2